| 000 | 01209cab a2200205 4500 | ||
|---|---|---|---|
| 001 | ABS45007 | ||
| 008 | 090401t1991 xxu||||| |||| 00| 0 eng d | ||
| 035 | _a(Sirsi) u50327 | ||
| 041 | _aeng | ||
| 245 | _aCoates Brothers plc v General Accident Assurance Ltd | ||
| 260 | _c1991 | ||
| 350 | _a0 | ||
| 490 |
_aWeekly Law Reports _v(1991) WLR 712-719(9) |
||
| 520 | _aChD 7 March 1991. A landlord issued a summons for interim rent pending determination of a tenant`s application for a new tenancy under Landlord and Tenant Act 1954 Part II. Due to an oversight by the landlords solicitors the summons was not served within 12 months of its issue. Following the issue of a second summons the landlord applied for an order extending the time for service of the first summons. This was granted. The tenant applied to have that set aside and to have the first summons struck out on the grounds that it was invalid. Both summons were struck out. The landlord`s appeal was allowed in part since the first summons was not valid but the second was. | ||
| 650 | _aBUSINESS TENANCIES | ||
| 650 | _aNEW TENANCIES | ||
| 690 | _aLANDLORD AND TENANT-CASE LAW-BUSINESS TENANCIES | ||
| 942 | _n0 | ||
| 948 | _c04/03/1997 | ||
| 999 |
_c31407 _d31407 |
||